000 01777cam a2200133 4500500
005 20260405032504.0
041 _afre
042 _adc
100 1 0 _aMontmory, Sylvain
_eauthor
245 0 0 _aL'IA au service du marketing : Apprendre à maîtriser ChatGPT, Midjourney et Dall·E pour booster son business
260 _bDunod,
_c2024.
520 _aAvec les témoignages de 40 contributeurs les plus à la pointe sur le sujet, notamment Luc Julia, Jean-Gabriel Ganascia, Alexandre Jost, Nicolas Babin, Laura Sibony, Luc de Brabandere et Angélique Gérard.Fruit de l’expérience de l’auteur et de ses discussions avec les meilleurs experts du sujet, ce livre est une exploration à 360 degrés, mêlant bonnes pratiques, réflexions et critiques pour vous permettre d’appréhender au mieux les possibilités et défis de l’IA.Cet ouvrage n’est pas un guide de prompts prêts à l’emploi, ce qui ne présenterait pas un grand intérêt, mais vous y apprendrez à créer vos propres prompts. Vous n’y trouverez pas de promesses tapageuses d’améliorer votre productivité sans effort, évidemment – ce serait un mensonge –, mais vous saurez construire une marque forte. Vous n’apprendrez pas non plus à manipuler les algorithmes pour gagner de l’argent facilement, ce qui serait malhonnête, mais vous y trouverez les outils pour maximiser l’efficacité des plateformes web et votre veille marketing. Vous y découvrirez également les clés pour contourner les écueils de l’IA et l’utiliser intelligemment pour booster votre business. Alors, prêt à surfer la grande vague de l’intelligence artificielle ?
856 4 1 _uhttps://shs.cairn.info/l-ia-au-service-du-marketing--9782100870141?lang=fr&redirect-ssocas=7080
999 _c2155133
_d2155133